The gambler [DVD/videorecording] : the adventure ... Read More
Available copies
- 3 of 3 copies available at LARL/NWRL Consortium.
Current holds
0 current holds with 3 total copies.
View other formats and editions
Show Only Available Copies
| Location | Call Number / Copy Notes | Barcode | Shelving Location | Status | Due Date |
|---|---|---|---|---|---|
| Greenbush Public Library | DVD GAM (Text) | 35500004282834 | Main | Available | - |
| Hallock Public Library | DVD GAM (Text) | 35500004282750 | Main | Available | - |
| Roseau Public Library | DVD GAM (Text) | 35500004282743 | Main | Available | - |
Record details
- Physical Description: 1 videodisc (ca. 190 min.) : sd., col. ; 4 3/4 in.
- Publisher: United States : Time Life Video, 2006
Content descriptions
| General Note: | Title from container. |
| Participant or Performer Note: | Kenny Rogers, Bruce Boxleitner, Linda Evans, ... Read More |
| Summary, etc.: | Brady, his son Jeremiah, and Billy Montana are ... Read More |
| Target Audience Note: | Not rated. |
| System Details Note: | DVD, region 1; Dolby Digital stereo. |
Search for related items by subject
| Subject: | Gamblers > Drama. Gambling > Drama. |
| Genre: | DVDs. Made-for-TV movies. Western television programs. Television movies. Western television programs. Western > Television feature. |
| LDR | 01791cgm a2200433Ka 4500 | ||
|---|---|---|---|
| 001 | 94820 | ||
| 003 | LARL_NWRL_CONSORTIUM | ||
| 005 | 20080728175010.0 | ||
| 007 | vd cvaizs | ||
| 008 | 060501s2005 xxu190 vleng d | ||
| 035 | . | ‡a(OCoLC)68001881 | |
| 037 | . | ‡bMidwest Tape ‡nhttp://www.midwesttapes.com | |
| 040 | . | ‡aTEFMT ‡cTEFMT ‡dRCS ‡dNRG | |
| 082 | 0 | 4. | ‡a791.45/72 ‡222 |
| 245 | 0 | 4. | ‡aThe gambler ‡h[DVD/videorecording] : ‡bthe adventure continues. |
| 260 | . | ‡aUnited States : ‡bTime Life Video, ‡c2006 | |
| 300 | . | ‡a1 videodisc (ca. 190 min.) : ‡bsd., col. ; ‡c4 3/4 in. | |
| 538 | . | ‡aDVD, region 1; Dolby Digital stereo. | |
| 500 | . | ‡aTitle from container. | |
| 511 | 1 | . | ‡aKenny Rogers, Bruce Boxleitner, Linda Evans, Johnny Crawford, Charles Fields. |
| 521 | 8 | . | ‡aNot rated. |
| 520 | . | ‡aBrady, his son Jeremiah, and Billy Montana are traveling to a gambling event in San Francisco when they encounter the vicious McCourt gang. | |
| 650 | 0. | ‡aGamblers ‡vDrama. | |
| 650 | 0. | ‡aGambling ‡vDrama. ‡0(LARL_NWRL_CONSORTIUM)172280 | |
| 655 | 0. | ‡aDVDs. | |
| 655 | 0. | ‡aMade-for-TV movies. ‡0(LARL_NWRL_CONSORTIUM)175746 | |
| 655 | 0. | ‡aWestern television programs. ‡0(LARL_NWRL_CONSORTIUM)175703 | |
| 655 | 7. | ‡aTelevision movies. ‡2gsafd | |
| 655 | 7. | ‡aWestern television programs. ‡2gsafd ‡0(LARL_NWRL_CONSORTIUM)175703 | |
| 655 | 7. | ‡aWestern ‡vTelevision feature. ‡2migfg | |
| 700 | 1 | . | ‡aRogers, Kenny. ‡0(LARL_NWRL_CONSORTIUM)153236 |
| 700 | 1 | . | ‡aBoxleitner, Bruce. ‡0(LARL_NWRL_CONSORTIUM)141544 |
| 700 | 1 | . | ‡aEvans, Linda, ‡d1942- ‡0(LARL_NWRL_CONSORTIUM)6291 |
| 710 | 2 | . | ‡aTime-Life Video. ‡0(LARL_NWRL_CONSORTIUM)67437 |
| 901 | . | ‡a94820 ‡bOCLC ‡c94820 ‡tbiblio | |

Add to basket
Permalink
Enable Highlighting